000 01065nam a2200301 i 4500
003 EG-GICUC
005 20260121101435.0
008 251206s1964 ua d|||fr|||| 00| 0 ara d
040 _a EG-GICUC
_bara
_c EG-GICUC
_d EG-GICUC
_erda
041 0 _aara
082 0 4 _221
_a345.6411
_bإ ب . ح
092 0 4 _221
099 _aLaw1 07 345.6411 إ ب . ح 1964
100 0 _aإبراهيم الشربيني
_eمؤلف.
245 1 0 _aحراسات الطوارئ /
_cإبراهيم الشربيني.
264 1 _aالقاهرة :
_bدار المعارف،
_c1964.
300 _a350 صفحة :
_bإيضاحيات؛
_c24 سم.
336 _2rda content
_atext
337 _2rda media
_aComputer
338 _2rda carrier
_aOnline Resource
504 _aيشتمل على إرجاعات ببليوجرافية.
546 _aالنص باللغة العربية
650 1 4 _aلوائح الضرورة
650 1 4 _aالقانون الإداري
856 4 0 _uhttps://fll.law.cu.edu.eg/fulltext/bks/B07-01310.pdf
905 _a32
_eYara
942 _2ddc
_cBK
_e21
_n0
999 _c48696
_d48696